000 00314 a2200157 4500
001 165240
020 _a
040 _cMagnum
100 _aSilva, Vera Lopes da
240 1 0 _aSempre o amor !
_lpor
245 1 0 _aSempre o amor !
362 0 _a1899
440 1 _aDimensão
697 _aIJ/GERAL
942 _cBK
999 _c165240
_d165240